Full spiral system of tapping (Record no. 59619)

MARC details
000 -LEADER
fixed length control field 00382nam a2200157Ia 4500
100 ## - MAIN ENTRY--AUTHOR NAME
Personal name Knecht J C X
245 #0 - TITLE STATEMENT
Title Full spiral system of tapping
260 ## - PUBLICATION, DISTRIBUTION, ETC. (IMPRINT)
Name of publisher Planters Bulletin
Year of publication 1965
300 ## - PHYSICAL DESCRIPTION
Number of Pages 205-217
650 ## - SUBJECT ADDED ENTRY--TOPICAL TERM
Topical Term Natural rubber
650 ## - SUBJECT ADDED ENTRY--TOPICAL TERM
Topical Term Spiral tapping
650 ## - SUBJECT ADDED ENTRY--TOPICAL TERM
Topical Term Tapping
700 ## - ADDED ENTRY--PERSONAL NAME
Personal name Martineau P G
942 ## - ADDED ENTRY ELEMENTS (KOHA)
Koha item type Journals
Holdings
Withdrawn status Lost status Damaged status Not for loan Home library Current library Shelving location Date acquired Serial Enumeration / chronology Koha item type
      Journals RRII Library RRII Library Physiology 17/12/2021 Volume 80, Issue Journals